000 00805nam a2200241Ia 4500
003 OSt
005 20220926012143.0
006 a|||||r|||| 00| 0
007 ta
008 220923b |||||||| |||| 00| 0 eng d
020 _a9780857451408
_c1943.29
037 _b5575, 14/08/2015, RAJKIRAN BOOK AGENCY
_cGeneral Book
040 _aRTL
_cRTL
_beng
041 _2eng
_aeng
082 _aY73(Q7):(G:67).4655, P9
100 _aCLARKE Morgan
_9315636
245 0 _aIslam and new kinship
_b Reproductive technology and the Shariah in Lebanon
260 _aNew York
_bBergbabh Books
_c2009
300 _ax, 247p
_ccm.
650 _aSociology
942 _hY73(Q7):(G:67).4655, P9
_cGB
_2CC
999 _c621912
_d621912